000 01402nam a2200349 c 4500
003 BLK
005 20250317122310.0
008 180408b bul|||||r ||||||| ||bul||
010 _aKNG00056803000
020 _a84-9819-031-2
_bиздат.: Mediasat Group, S. A. - (на цялата колекция)
040 _aBLK
041 _aBUL
_cBUL
080 _aАнглийска литература
_b821.111
_x-31
_z821.111-31
100 1 _aГрийн, Греъм
_eпърви автор
_9251170
700 1 _aСтоянов, Борис
_eпрев. от англ.
_9368830
139 _aГрийн, Греъм
_bГ 80
245 1 0 _aБезнадежден случай
_bРоман
_cГреъм Грийн; прев. от англ. Борис Стоянов.
250 _aНово изд.
257 _aGBR
260 София
_bMediasat Group, S. A.
_c2005
_fотпеч. в Германия
300 _a192 с.
_c21 см
380 _aX
490 1 _aЗлатна колекция ХХ век
_v33
500 _a1. изд. 1962 на НС ОФ. - Ориг. загл. A Burn-out Case / Graham Greene. - Офс. изд.
653 _aромани
852 _aЦб 225610
856 4 _qpdf
_u
856 4 _qpdf
_u
942 _cKNG
_n0
_011
944 _aCR
_c24.11.2005
_lМартин Енчев
_k30575
944 _aED
_c29.08.2017
_lф /
_kЛюдмила_Стоянова
999 _c52875
_d52875